Classement perpétuel du ballon d'or - Statistiques

Statistiques générales
  • Ce quiz a été pris 83 fois
  • Le résultat moyen est 10 sur 30
Statistiques - réponses
Hint Réponse % Correct
1 Cristiano Ronaldo
100%
2 Lionel Messi
100%
4 Zinédine Zidane
87%
3 Michel Platini
78%
22 Ronaldinho
75%
14 Andrés Iniesta
72%
13 Xavi
72%
16 Thierry Henry
68%
23 Kaka
66%
6 Marco van Basten
61%
11 Paolo Maldini
43%
15 Roberto Baggio
38%
30 Luis figo
37%
19 Eusébio
29%
9 Ronaldo Nazario
16%
26 Hristo Stoichkov
14%
28 Dennis Bergkamp
13%
7 Franz Beckenbauer
3%
5 Johan Cruyff
3%
8 Alfredo Di Stéfano
1%
20 Bobby Charlton
1%
18 George Best
1%
12 Gerd Müller
1%
10 Karl Heinz Rummenigge
1%
24 Lothar Matthaüs
1%
17 Raymond Kopa
1%
25 Ferenc Puskas
0%
21 Lev Yachine
0%
29 Paolo Rossi
0%
27 Ruud Gullit
0%
Aucun quiz correspondant
Distribution des résultats
% des personnes avec chaque résultat
Percentile par nombre de réponses
Votre historique - résultats
Vous n’avez pas pris ce quiz